[Event "EuroTel Trophy"]
[Site "Prague"]
[Date "1998.09.13"]
[Round "6"]
[White "Timman, Jan H"]
[Black "Kasparov, Garry"]
[Result "1/2-1/2"]
[WhiteElo "2655"]
[BlackElo "2815"]
[Annotator "Tsesarsky,I"]
[PlyCount "61"]
[EventDate "1998.09.06"]
[EventType "match"]
[EventRounds "6"]
[EventCountry "CZE"]
[SourceTitle "CBM 067"]
[Source "ChessBase"]
[SourceDate "1998.11.30"]
[SourceVersion "2"]
[SourceVersionDate "1998.11.01"]
[SourceQuality "1"]

{[%mdl 768]} 1. d4 Nf6 2. c4 e6 3. Nf3 d5 4. Nc3 c6 5. Bg5 Nbd7 6. e3 Qa5 7.
Nd2 Bb4 8. Qc2 O-O 9. a3 dxc4 10. Bxf6 Nxf6 11. Nxc4 Bxc3+ 12. bxc3 Qd5 (12...
Qg5 13. f4 (13. Ne5 $5 $14) 13... Qd5 (13... Qh6 14. Be2 Nd5 15. Qd2 b5 16. Ne5
(16. Na5 Bd7 17. O-O $14) 16... Bb7 17. O-O f6 18. Nd7 Rf7 19. Nc5 $16) 14. Bd3
b6 15. e4 $1 (15. Ne5 c5 $1 (15... Bb7 $2 16. e4 Qa5 17. O-O Rac8 18. Nc4 Qh5
19. Rf3 g6 $2 (19... h6 20. Ne5 $16) 20. Rh3 (20. Raf1 $2 Qh6 $16 {1-0
Pesztericz,L-Mitlasovszki,I/Zalakaros op 1995/EXT 95op (40)}) 20... Qg4 21. Rf1
$18) 16. O-O (16. e4 Qd6 17. Nc4 Qxf4 18. e5 Nd5 19. Bxh7+ Kh8 20. g3 Qh6 21.
Bd3 Bb7 $17) 16... Bb7 $132) 15... Qh5 (15... Qd7 16. e5 $16) 16. O-O $14) (
12... Qc7 13. Bd3 (13. e4 c5 14. e5 Nd5 15. Bd3 cxd4 16. cxd4 g6 17. O-O Bd7
18. Qd2 {Smagin,S-Rosenberg,S/USSR 1984/Inf 37 (18)}) 13... c5 14. e4 b5 15.
Ne3 cxd4 16. cxd4 Qa5+ 17. Qd2 Qb6 18. e5 Nh5 19. Nc2 Bb7 20. Be2 g6 21. Bxh5
gxh5 22. O-O $16 {1-0 Filippov,V-Bocharov,D/Russian Cup 7th Stage, Tomsk RUS
1998 (29)}) 13. Bd3 b5 (13... Qxg2 $2 14. O-O-O Qd5 (14... b5 15. Ne5 $5 (15.
Rdg1 Qd5 16. e4 Qh5 17. Ne5 c5 $17) (15. Rhg1 $5 Qd5 16. e4 (16. Ne5 Rd8 17.
Rg3 Qd6 18. Kb2 Bb7 19. Rdg1 $18) 16... Qh5 17. Ne5 c5 18. f4 cxd4 19. Qg2 Qh6
20. cxd4 Bb7 21. Kb2 Rfd8 $19) 15... Qd5 16. Rhg1 Rd8 17. Rg3 Qd6 (17... c5 18.
Rdg1 g6 19. Bxg6 $18) 18. Kb2 Bb7 19. Rdg1 Qf8 20. Rf3 (20. Rxg7+ Qxg7 21.
Rxg7+ Kxg7 22. Qd1 $16) 20... Qe7 21. Bxh7+ $18) 15. Rhg1 Bd7 16. Rg3 (16. e4
Qh5 17. f4 Rfd8 18. Qf2 Be8 19. Rg5 Qh3 20. Rg3 Qh6 21. Rdg1 g6 22. Rg5 $44)
16... Rfd8 17. Rdg1 g6 18. Rg5 $1 (18. Ne5 Be8 $15 {[%csl Gg6]}) 18... e5 19.
Nxe5 $16) 14. e4 Qg5 15. Ne5 $2 $17 (15. Ne3 e5 16. O-O (16. h4 Qf4 17. g3 Qf3
18. O-O Re8 19. Be2 (19. d5 Bb7 20. Rab1 cxd5 21. exd5 Nxd5 22. Bxh7+ Kh8 23.
Be4 Nxe3 24. Bxf3 Nxc2 25. Bxb7 Nxa3 26. Ra1 Rab8 27. Bg2 Nc4 28. Rxa7 f6 $11)
19... Qxe4 20. Bd3 Qf3 21. Be2 $11) 16... Rd8 17. Rfd1 Be6 (17... exd4 18. cxd4
Rxd4 19. Qxc6 Rb8 20. Qc7 Ra8 21. Be2 Rxe4 22. Qc6 $18) (17... Ng4 18. Nxg4
Bxg4 19. Be2 Bxe2 20. Qxe2 Rd6 $11) 18. Be2 (18. a4 $2 b4 $1 19. dxe5 b3 $1 20.
Qb2 Qxe5 (20... Ng4 21. Nxg4 Bxg4 22. Be2 Bxe2 23. Qxe2 Qxe5 24. Qb2 Qe6 $15)
21. Nc4 Qb8 (21... Bxc4 22. Bxc4 Nxe4 23. Qxb3 $11) 22. e5 Ng4 23. Qe2 Rd5 24.
Re1 Qd8 25. Be4 Rc5 $17) 18... Rd6 19. dxe5 Rxd1+ 20. Rxd1 Qxe5 $15) 15... Qxg2
16. O-O-O Qg5+ (16... c5 $2 17. Rhg1 Qxh2 18. Qd2 h6 (18... cxd4 19. Rxg7+ Kh8
(19... Kxg7 20. Qg5+ Kh8 21. Qxf6+ Kg8 22. Ng4 $18) 20. Qg5 Qxf2 21. Ng4 $18)
19. Rh1 Qg2 20. Rdg1 $18) 17. Qd2 (17. Kb1 $6 c5 18. Rhg1 Qf4 19. Rg3 (19. f3
cxd4 20. cxd4 a6 21. Rg2 Nd7 22. Rg4 Qh6 23. Rdg1 g6 24. Nc6 Qe3 $17) 19... c4
$17) 17... Qxd2+ 18. Kxd2 Bb7 (18... a6 19. Nxc6 (19. a4 Bb7 20. Ke3 Rfd8 $17)
19... Bb7 $17) 19. Ke3 c5 $2 $11 (19... a6 20. a4 Rfd8 21. Ra1 Nd7 $17) (19...
Rfd8 20. Rb1 Nd7 $17) 20. Rb1 (20. Bxb5 Nxe4 $17) 20... a6 21. a4 Rfc8 (21...
cxd4+ 22. cxd4 Rfc8 23. f3 $132) 22. axb5 axb5 23. Rxb5 cxd4+ 24. cxd4 Ba6 25.
Rc5 (25. Rb3 Bxd3 26. Kxd3 $11) 25... Bxd3 (25... Rxc5 26. dxc5 Bxd3 27. Nxd3
$14) 26. Rxc8+ (26. Nxd3 Rd8 $11) 26... Rxc8 27. Kxd3 Ra8 28. Rb1 Ra3+ 29. Kc4
Ra4+ 30. Kd3 Ra3+ 31. Kc4 1/2-1/2

[Event "YUG-ch 56th"]
[Site "Herceg Novi"]
[Date "2001.03.24"]
[Round "2"]
[White "Ivanisevic, Ivan"]
[Black "Blagojevic, Dragisa"]
[Result "1/2-1/2"]
[WhiteElo "2560"]
[BlackElo "2486"]
[Annotator "Tsesarsky,I"]
[PlyCount "62"]
[EventDate "2001.03.23"]
[EventType "tourn"]
[EventRounds "15"]
[EventCountry "YUG"]
[EventCategory "10"]
[SourceTitle "CBM 083"]
[Source "ChessBase"]
[SourceDate "2001.07.05"]
[SourceVersion "1"]
[SourceVersionDate "2001.07.05"]
[SourceQuality "1"]

1. d4 {[%mdl 12]} d5 2. c4 c6 3. Nc3 Nf6 4. Nf3 e6 5. Bg5 Nbd7 6. e3 Qa5 7.
cxd5 Nxd5 8. Qd2 Bb4 9. Rc1 h6 10. Bh4 c5 11. Bd3 (11. a3 {-see detailed
commented game 0-1 Gligoric,S-Blagojevic,D/Herceg Novi 2001/CBM 83_01
[Tsesarsky,I] (34)}) 11... cxd4 12. exd4 b6 13. a3 (13. O-O O-O 14. a3 Bxc3 15.
bxc3 Bb7 16. Bb1 (16. Rfd1 Qxa3 $1 $15 (16... Rac8 17. c4 Qxd2 18. Nxd2 Nf4 19.
Bf1 g5 20. Bg3 e5 $11 {1-0 Georgiev,K-Rabiega,R/Ohrid MKD 2001/The Week in
Chess 344 (95)})) (16. Be4 f5 17. Bxd5 Bxd5 $17 {-see commented game 0-1
Pelletier,Y-Oll,L/Elista 1998/CBM 66 ext [Tsesarsky,I](31)}) 16... Qxa3 $1 $15
(16... Rac8 17. Qd3 N5f6 18. c4 Be4 19. Qb3 {1/2-1/2 Veingold,A-Estremera
Panos,S/Orense 2000/EXT 2001 (19)})) 13... Bxc3 14. bxc3 Bb7 15. Bg3 Qxa3 $1
$146 {We can see in this game opening analysis: Black hasn't any problems,
maybe White must play very exactly in order to equalize the game.} (15... N5f6
$6 $11 16. Qb2 $1 {White doesn't want to sacrifice P...} Ba6 17. Bxa6 Qxa6 18.
c4 O-O 19. O-O {1/2-1/2 Sakaev,K-Filippov,V/Smolensk 2000/CBM 77 (19)}) 16. Bb5
{[%csl Rd7][%cal Gb5e8]} N5f6 17. Ne5 (17. O-O O-O $17) 17... Qe7 ({Too
optimic is} 17... Bxg2 $2 18. Rg1 Bd5 19. Nxd7 Nxd7 20. Be5 Rg8 21. c4 Be4 22.
Bxg7 $44) 18. O-O O-O 19. Bh4 Nxe5 $2 $44 {Mistake!} (19... Qd6 $1 $17 {
was keep an advantage.}) 20. dxe5 Qc5 21. exf6 Qxb5 22. fxg7 Kxg7 {Black keeps
P over, but his K is weak, opposite colors BB also doesn't add nothing to
Black...} 23. c4 Qh5 24. Qf4 Qf5 (24... Qg6 25. f3 $44) 25. Qxf5 exf5 26. c5 {
White changes one more pair of PP and draws the game.} Rfc8 ({Or} 26... b5 27.
c6 Bc8 28. Rc5 b4 29. f3 a5 30. Ra1 $44) 27. cxb6 Rxc1 28. Rxc1 axb6 29. f3 Bd5
({Maybe certain difficulties would make for White} 29... b5 $5 30. Rc7 Bd5 31.
Rc5 Bc4 32. Rxf5 Ra1+ 33. Kf2 Ra2+ 34. Kg1 b4 35. Rf4 Rc2 36. Bf6+ Kg6 37. g4
b3 38. h4 h5 39. Be5 $44) 30. Rb1 Rb8 31. Rb5 Be6 1/2-1/2

[Event "Corus-B"]
[Site "Wijk aan Zee"]
[Date "2001.01.27"]
[Round "10"]
[White "Bosboom, Manuel"]
[Black "Gurevich, Mikhail"]
[Result "0-1"]
[WhiteElo "2439"]
[BlackElo "2694"]
[Annotator "Tsesarsky,I"]
[PlyCount "66"]
[EventDate "2001.01.13"]
[EventType "tourn"]
[EventRounds "11"]
[EventCountry "NED"]
[EventCategory "10"]
[SourceTitle "CBM 081"]
[Source "ChessBase"]
[SourceDate "2001.03.20"]
[SourceVersion "1"]
[SourceVersionDate "2001.03.20"]
[SourceQuality "1"]

1. d4 d5 2. c4 c6 3. Nc3 Nf6 4. Nf3 e6 5. Bg5 Nbd7 6. e3 Qa5 7. cxd5 $6 ({
More problems to Black makes} 7. Nd2 $5 $14 {[%csl Rf6][%cal Gd2c4,Gg5f6]
-another mainline}) 7... Nxd5 $1 $132 8. Qd2 Bb4 9. Rc1 $8 h6 (9... c5 10. Bd3
h6 11. Bh4 cxd4 12. exd4 O-O 13. O-O b6 14. Bb1 Bb7 15. Qd3 g6 $132 {0-1
Brostrom,G-Beyen,R/Lugano 1968 (73)}) 10. Bh4 c5 (10... b6 $5 $11 {[%cal Gc8a6]
-see commented game 1/2-1/2 Moiseenko,A-Nadyrhanov,S/Krasnodar 1999/CBM 75_02 
(39)[Tsesarsky,I]}) 11. e4 $132 {In other variations also Black at least
eqilized:} (11. a3 Bxc3 12. bxc3 b6 13. e4 (13. Ne5 $6 $15 Nxe5 14. dxe5 g5 15.
e4 Ne7 16. Rd1 O-O 17. Bg3 Bb7 {0-1 Sherbakov,R-Goloshchapov,A/Ekaterinburg
1999/CBM 75_02/ (58)}) (13. Bd3 Ba6 $1 {Black wishes to change BB.} (13... Bb7
$6 14. O-O N5f6 15. Qb2 O-O 16. Nd2 cxd4 17. cxd4 Rfc8 18. Nc4 Qh5 19. Bg3 $14
{1/2-1/2 Gomez Esteban,J-Estremera Panos,S/Barcelona ESP 2000/The Week in
Chess 303 (37)}) 14. O-O N5f6 15. e4 Bxd3 16. Qxd3 cxd4 17. cxd4 O-O 18. Rc2 (
18. Rc7 $6 Rac8 19. Rfc1 $2 (19. Rcc1 $11) 19... Nc5 $1 $17 {[%csl Rc7] 0-1
San Segundo Carrillo,P-Dorfman,J/Mondariz ESP 2000/The Week in Chess 305 (27)})
18... Rac8 19. Rfc1 Rxc2 20. Rxc2 Rd8 21. Bxf6 Nxf6 22. h3 b5 23. Rc5 a6 {
1/2-1/2 Khalifman,A-Jussupow,A/Istanbul TUR 2000 (23)}) 13... N5f6 14. Bd3 {
-see commented game 1/2-1/2 Atalik,S-Nogueiras,J/Havana 1999/CBM 71 (63)
[Tsesarsky,I] (21)}) ({Interesting is} 11. Be2 b6 $5 {[%cal Gc8a6]} (11... cxd4
12. Nxd4 O-O 13. Nb3 Qb6 14. O-O Nxc3 15. bxc3 Ba3 16. Rb1 Qc7 17. Rfd1 e5 18.
c4 $14 {0-1 Dimitrov,V-Pelletier,Y/Barcelona ESP 2000/The Week in Chess 301 
(75)}) 12. e4 Bxc3 13. bxc3 N5f6 {[%csl Re4][%cal Gf6e4]} 14. e5 Nd5 15. O-O
O-O (15... Ba6 16. Bxa6 Qxa6 17. c4 $16) 16. Rfd1 Bb7 $132) (11. Bd3 cxd4 12.
exd4 b6 13. a3 (13. O-O O-O 14. Bb1 ({Badly is} 14. a3 $6 Bxc3 15. bxc3 Bb7 16.
Be4 (16. Bb1 Qxa3 17. c4 N5f6 18. d5 exd5 19. Nd4 Rfe8 20. Nf5 Re6 (20... d4
21. Qxd4 Qc5 $17 {Vegh,E-Pinter,J/Magyarorszag 1986/Inf 43 (23)}) 21. Rc3 Qa5
22. Nxg7 Kxg7 23. Rg3+ Kf8 24. Qxh6+ Ke7 25. Bf5 d4 $17 {0-1 Vegh,E-Pinter,J/
Budapest 1986 (54)}) 16... f5 17. Bxd5 Bxd5 18. Be7 Rf7 19. Bb4 Qa4 20. c4 Bxf3
21. gxf3 a5 $15 {0-1 Pelletier,Y-Oll,L/Elista RUS 1998 (31)}) 14... Ba6 15. Qc2
f5 16. Nxd5 Qxd5 17. Rfd1 Bb7 $132 {1-0 Polugaevsky,L-Janosevic,D/Amsterdam
1970/Inf 10 (27)}) 13... Bxc3 14. bxc3 Bb7 15. Bg3 N5f6 16. Qb2 $132 {1/2-1/2
Sakaev,K-Filippov,V/Smolensk RUS 2000/The Week in Chess 286 (19)}) 11... N5f6
12. Bd3 $4 $19 {[%mdl 8192] Terrible mistake. White loses whole piece...} ({
It was necessary to play} 12. Bxf6 Nxf6 13. Bb5+ Bd7 (13... Qxb5 $2 14. Nxb5
Bxd2+ 15. Nxd2 $16 {[%csl Rc5][%cal Gb5c7]}) 14. Bxd7+ Nxd7 15. a3 Bxc3 16.
Qxc3 Qxc3+ 17. bxc3 Rc8 18. Ke2 Nf6 $132) 12... g5 $1 {[%csl Rc3,Rh4][%cal
Gg5g4,Gc5d4]} 13. a3 ({Or} 13. e5 cxd4 14. exf6 dxc3 15. bxc3 Ba3 16. Bg3 Bxc1
$19) (13. Bg3 g4 $19 {with lost position.}) 13... Bxc3 14. Rxc3 gxh4 15. dxc5
h3 16. O-O ({Or} 16. gxh3 Nxc5 17. Bb1 Qb6 $1 18. Qc1 Ncxe4 19. Bxe4 Nxe4 20.
Rxc8+ Rxc8 21. Qxc8+ Ke7 22. Qc2 (22. Qxh8 Qxf2+ 23. Kd1 Qxf3+ $19) 22... Rc8
$19) 16... Qc7 {Advantage realisation is quite simple...} (16... hxg2 $19) 17.
Rfc1 Ne5 (17... hxg2 $19) 18. Qf4 Nxf3+ 19. Qxf3 Qe5 20. c6 Rg8 21. Qxh3 bxc6
22. b4 (22. Rxc6 $144 Bb7 23. R6c5 Qf4 24. Bb5+ Kf8 25. f3 Rd8 26. R5c2 Rd2 $19
) 22... Bd7 23. Rc5 Qf4 24. g3 h5 25. Qg2 Qd2 26. Qf3 h4 27. Ba6 (27. Rd1 $144
Qh6 $19) 27... Qh6 (27... Ng4 $144 28. Bb7 Rd8 $19) 28. Bb7 Rd8 29. Rd1 (29.
Bxc6 $144 hxg3 30. hxg3 Bxc6 31. Rxc6 Rh8 32. Qg2 Ng4 $19) 29... hxg3 30. hxg3
Rh8 31. Qg2 Nxe4 32. Qxe4 Qh2+ 33. Kf1 Qh1+ (33... Qh1+ 34. Qxh1 Rxh1+ 35. Ke2
Rxd1 36. Kxd1 Bc8+ $19) 0-1

[Event "FRA-ch Basse"]
[Site "Vichy"]
[Date "2000.08.23"]
[Round "8"]
[White "Vaisser, Anatoli"]
[Black "Anic, Darko"]
[Result "1-0"]
[WhiteElo "2537"]
[BlackElo "2487"]
[Annotator "Tsesarsky,I"]
[PlyCount "121"]
[EventDate "2000.08.15"]
[EventType "tourn"]
[EventRounds "4"]
[EventCountry "FRA"]
[SourceTitle "CBM 079"]
[Source "ChessBase"]
[SourceDate "2000.11.21"]
[SourceVersion "1"]
[SourceVersionDate "2000.11.21"]
[SourceQuality "1"]

1. d4 d5 2. c4 c6 3. Nf3 Nf6 4. Nc3 e6 5. Bg5 Nbd7 6. e3 Qa5 7. cxd5 Nxd5 8.
Qd2 Bb4 9. Rc1 h6 10. Bh4 O-O 11. Bd3 Re8 (11... c5 {See comments to the game
1-0 Greenfeld,A-Huzman,A/Haifa 1996/CBM 54/[Greenfeld] (26)}) (11... e5 {
-mainline. See comments to the game 1-0 Shirov,A-Piket,J/Aruba (m/6) 1995/
[Piket,Je] (41)}) 12. a3 Bxc3 13. bxc3 e5 (13... Qxa3 {see comments to the
game 1-0 Shirov,A-Piket,J/Amsterdam Donner 1995 (36)}) 14. c4 Qxd2+ 15. Nxd2
N5f6 $146 {This novelty doesn't change position evaluation: White has slight
advantage because of pair of BB.} (15... Ne7 16. O-O (16. Bxe7 Rxe7 17. d5 $14)
16... exd4 17. exd4 Nf8 18. Rfe1 $14 {1/2-1/2 Beliavsky,A-Oll,L/Polanica Zdroj
1996/Inf 67/[Beliavsky,A] (28)}) (15... Nc7 16. O-O exd4 17. exd4 Ne6 18. Rfe1
$14) 16. O-O exd4 17. exd4 c5 $5 {Black wish to blockade position - against
white BB.} (17... b6 18. Rfe1 Bb7 19. Bf5 $14) 18. d5 Ne5 (18... b6 19. Rfe1
Bb7 20. Ne4 $14) 19. Bc2 {[%csl Rf6][%cal Gh4f6]} g5 20. Bg3 Ng6 $2 $16 ({
It was necessary to try to change one of white B.} 20... Nh5 $1 21. f4 (21.
Bxe5 Rxe5 22. Rfe1 Rxe1+ 23. Rxe1 Kf8 24. g3 Bd7 25. Ne4 Re8 $11) 21... Nxg3
22. hxg3 gxf4 23. gxf4 Ng4 24. Rfe1 Bd7 25. Ne4 b6 26. Nd6 Rxe1+ 27. Rxe1 Kf8
28. g3 $14) 21. f4 $1 g4 ({Too late} 21... Nh5 22. fxg5 Nxg3 23. hxg3 hxg5 24.
Ne4 $16 {[%csl Rc5,Rf6,Rg5][%cal Re4f6]}) (21... Nxf4 22. Bxf4 gxf4 23. Rxf4
Re2 (23... Kg7 24. Rcf1 $18) (23... Nh5 24. Rh4 Nf6 25. Rxh6 Ng4 26. Rd6 $16)
24. Rxf6 Rxd2 25. Rxh6 Bg4 26. Ba4 Rd8 27. Rh4 $16) 22. f5 $1 Nf8 (22... Ne5
23. Rfe1 Ned7 (23... Nfd7 24. Ba4 f6 25. Bxd7 Bxd7 26. Ne4 $18 {[%csl Rc5,Rf6]}
Kg7 27. Nxc5 Bxf5 28. Nxb7 $18) 24. Rxe8+ Nxe8 25. Bf4 h5 26. Re1 Nef6 27. Ne4
Nxe4 28. Rxe4 Nf6 29. Re7 $16) 23. Rce1 Bd7 24. Ne4 $5 {[%csl Rc5,Rf6]} Nxe4 (
24... N8h7 25. Nxc5 $18) 25. Bxe4 Nh7 ({The attempt} 25... b5 $6 {after} 26. d6
$1 {was lead to lost position for Black:} Rac8 (26... Rab8 27. Bd5 Rxe1 (27...
b4 28. Re7 $18) 28. Rxe1 Bxf5 29. Re7 Be6 30. Bxe6 Nxe6 31. d7 $18) 27. Bd5
bxc4 28. Bxc4 Nh7 29. f6 Rxe1 30. Rxe1 $18) 26. f6 b5 ({after} 26... Ng5 {
quiet move} 27. Bd3 {was retain for White winning position:} Rxe1 28. Rxe1 Re8
29. Re7 Rxe7 30. fxe7 Be8 31. d6 $18) 27. Bxh7+ {Right decision! The pair of
bishops advantage is opportunity to change one of them!} (27. d6 $2 Rad8 28.
Bd5 Rxe1 29. Rxe1 Nxf6 30. Bh4 Re8 31. Re7 Rxe7 32. dxe7 Nxd5 33. cxd5 b4 $11)
27... Kxh7 28. Re7 $1 Rxe7 29. fxe7 {[%csl Gd5,Ge7][%cal Gd5d6]} Kg6 (29...
bxc4 30. Rxf7+ Kg6 31. Rf4 c3 32. Rc4 Rc8 33. d6 $18) 30. cxb5 Bxb5 31. d6 $1
Bd7 (31... Bxf1 32. d7 $18) 32. Rb1 (32. Be5 f5 33. Rc1 Rc8 34. Bd4 c4 35. Bxa7
$18) 32... Kf5 33. Rb7 Ke6 34. Rc7 f5 35. Kf2 a5 36. Rxc5 a4 37. Bf4 (37. Ke3
Rb8 38. Kd4 h5 39. Bf4 h4 (39... Rb3 40. Rc8 $18) 40. Rc2 $18) 37... Rb8 38.
Kg3 Rg8 39. Kh4 {[%csl Gh4,Rh6][%cal Gh4h5,Gh5h6] White K take a walk to the
kingside.} Rh8 40. Rc7 $6 ({Why not} 40. Re5+ Kf7 (40... Kxd6 41. e8=Q $18) 41.
Kh5 $18 Rc8 42. Re2 $1 (42. Kxh6 Kf6 43. e8=Q Rxe8 (43... Bxe8 44. Re7 $18 {
[%csl Rf6][%cal Gf4e5,Gf4g5]}) 44. Rxe8 Bxe8 45. h4 gxh3 46. gxh3 Bb5 47. h4 {
this position is drawn because White can't release Kh6:} Be8 48. h5 Bc6 49. Bd2
(49. Be5+ Kxe5 50. Kg5 (50. Kg7 f4 51. h6 f3 52. h7 f2 53. h8=Q f1=Q $19) 50...
Ke6 51. h6 Kf7 52. h7 Kg7 53. Kxf5 Kxh7 54. Ke6 Kg6 55. d7 Bxd7+ 56. Kxd7 Kf7
$11) (49. Kh7 Be8 50. h6 Kf7 $11 {[%csl Rh7]}) 49... Bb5 (49... f4 50. Bxf4 Be8
51. Bg3 Bf7 52. Be5+ Ke6 53. Kg5 Bg8 54. h6 (54. Kg6 Bf7+) 54... Bh7 55. Bf4
Bd3 56. Kg4 Bh7 57. Kf3 Bf5 58. Ke3 Bh7 59. Kd4 Bg6 60. Kc5 Kd7 (60... Be4 61.
Kb5 Bc2 62. Kc6 $18) 61. Kd5 {[%cal Gd5e5,Ge5f6,Gf6g7] and White wins - like
in this game.}) 50. Bc3+ Ke6 51. Kg5 (51. Kg7 f4 52. h6 Bd3 53. Bb4 f3 54. Bc5
f2 55. Bxf2 Kxd6 $11) 51... f4 $11) 42... Rc4 43. Bxh6 (43. e8=Q+ Bxe8 44. Re7+
Kf8+ $19 {[%cal Ge8h5]}) 43... Be8 (43... Rd4 44. e8=Q+ $18) 44. Kg5 Rd4 45.
Re5 Rxd6 (45... g3 46. Rxf5+ Ke6 47. hxg3 $18) 46. Rxf5+ Ke6 47. Kxg4 Bd7 (
47... Rd4+ 48. Bf4 $18) 48. Bf8 Rd2 49. g3 Rxh2 50. Rf3 $18) 40... Rg8 41. Rc3
Kf6 42. Re3 Kg6 43. Rc3 Kf6 44. Kg3 Rh8 45. Rc7 Ke6 46. Rc1 {White plays
whithout certain plan.} (46. Kf2 h5 47. Ke3 h4 {this position also maybe
winning for White, but to give to Black h6-h5-h4 promotion is not necessary.})
46... Kf7 47. Re1 Bc6 ({after} 47... h5 $5 {good was} 48. Kh4 $1 {[%csl Rg5,
Rh5]} (48. e8=Q+ {was useful:} Rxe8 49. Rxe8 Bxe8 50. Kh4 Kg6 $11) 48... Kg6
49. Be5 Rb8 50. Rc1 Kf7 51. Kxh5 $18) 48. e8=Q+ $1 {[%mdl 4096] Clear way to
win this position. Vaisser calculated endgame with opponent-colour BB exactly.}
(48. Kh4 $18) 48... Rxe8 49. Rxe8 Bxe8 50. Bxh6 Ke6 51. Bf4 Kf6 52. Kf2 Bc6 53.
h4 gxh3 54. gxh3 Ke6 55. h4 Be8 56. Ke3 Bh5 57. Kd4 Bf3 58. Kc5 Kd7 59. Kb4 Bd1
60. Kb5 $1 Kc8 (60... Kd8 61. Kc5 Kd7 62. Kd5 $18 {[%csl Rf5,Yh4][%cal Gd5e5,
Ge5f6]}) 61. Kc5 (61. Kc5 Kd7 62. Kd5 Bh5 63. Ke5 Bg4 64. Kf6 $18 {[%cal Gf6g5,
Gh4h5]}) 1-0

[Event "Penta Media GM"]
[Site "Kelamabakkam"]
[Date "2000.08.14"]
[Round "1"]
[White "Sasikiran, Krishnan"]
[Black "Barua, Dibyendu"]
[Result "1-0"]
[WhiteElo "2573"]
[BlackElo "2502"]
[Annotator "Tsesarsky,I"]
[PlyCount "145"]
[EventDate "2000.08.14"]
[EventType "tourn"]
[EventRounds "12"]
[EventCountry "IND"]
[EventCategory "11"]
[SourceTitle "CBM 079"]
[Source "ChessBase"]
[SourceDate "2000.11.21"]
[SourceVersion "1"]
[SourceVersionDate "2000.11.21"]
[SourceQuality "1"]

1. d4 {Wells} d5 2. c4 e6 3. Nc3 Nf6 4. Bg5 c6 5. e3 Nbd7 6. Nf3 Qa5 7. Nd2
dxc4 8. Bxf6 Nxf6 9. Nxc4 Qc7 10. Rc1 Be7 11. g3 $5 $14 ({More popular is} 11.
Be2 $14) 11... O-O 12. Bg2 Rd8 13. O-O Bd7 ({Attack strong White Center try by
} 13... c5 $6 {is refused by} 14. Qb3 $1 {[%cal Gg2b7,Gb3b7]} ({Not} 14. Qf3
cxd4 15. Nb5 Qc5 16. Nxd4 e5 17. Nf5 e4 18. Nxe7+ Qxe7 19. Qf4 Bg4 (19... Rd5
$11) 20. h3 Be6 21. a3 Rac8 22. Ne5 $11) 14... cxd4 15. exd4 $16 {[%csl Rb7]
[%cal Gb3b7,Gg2b7] And Black can't develop Bc8 because of pressure on Pb7.})
14. e4 $5 (14. a3 Be8 15. b4 Rac8 16. Qe2 b6 17. Rfd1 c5 18. dxc5 bxc5 19. b5
$14 {1/2-1/2 Damljanovic,B-Gligoric,S/Belgrade YUG 1999 (29)}) 14... Be8 15. e5
Nd5 16. Ne4 Nb6 17. Ncd6 Nc8 18. Nxe8 $1 $16 {Interesting desicion! White
change strong N for weak Be8, but space advantage makes White free for
manoeuvres and Attack preparing.} Rxe8 19. Qg4 Rd8 20. Rfd1 (20. Nf6+ $6 Bxf6 (
20... Kh8 $5) 21. exf6 g6 22. Qh4 Nd6 $15 {[%csl Rg7][%cal Gd6e8]}) 20... Nb6
21. h4 h6 22. Rc3 Nd5 23. Rf3 Bf8 24. Bf1 {B goes to d3 to take part in Attack.
} c5 {Black can't wait, tries to counterplay in the center.} 25. Rc1 b6 26. Bd3
Rac8 27. a3 Qb7 (27... Qb8 $2 {[%csl Re5][%cal Gb8e5]} 28. Ng5 $1 hxg5 (28...
Nf6 29. Rxf6 $18) 29. Qh5 g6 30. Bxg6 fxg6 31. Qxg6+ $18) 28. Re1 $1 {Good P
sacrifice!} (28. dxc5 $143 $2 bxc5 29. Rc2 Qc7 {[%csl Re5]} 30. Nf6+ (30. Ng5
hxg5 31. Qh5 g6 32. Bxg6 fxg6 33. Qxg6+ Bg7 $19) 30... Nxf6 31. exf6 Qe5 32.
fxg7 Bxg7 $11) 28... cxd4 29. Nf6+ Nxf6 30. exf6 Qd5 (30... Rc5 {seems good
move, but...} 31. fxg7 (31. Kh2 h5 32. Qf4 Bd6 $19) (31. b4 Rc3 $17) 31... Bxg7
{[%tqu "En","?","","","e1e6","",10]} 32. Rxe6 $1 fxe6 33. Qxe6+ Kh8 34. Qg6
Rc1+ 35. Kg2 (35. Kh2 Bf8 36. Qf6+ Kg8 $11) 35... Qxf3+ (35... Bf8 36. Qf6+ Kg8
37. Qxd8 $18) 36. Kxf3 Kg8 37. Qe6+ $16) 31. Be4 Qd6 ({After} 31... Qa2 32.
fxg7 Bxg7 {[%tqu "En","?","","","e4h7","",10]} 33. Bh7+ $1 Kf8 ({also loses} 
33... Kxh7 34. Rxf7 Rg8 35. Rxe6 Qb1+ 36. Kg2 {[%csl Rh7][%cal Ge6h6]} Rc5 $8
37. b4 Rd5 38. Qf3 Rb5 39. a4 Rxb4 40. Qf4 $18 {[%csl Rh6]}) 34. Rxe6 $16 {
-like in this game.}) 32. fxg7 Bxg7 {[%tqu "En","?","","","e4h7","",10]} 33.
Bh7+ Kf8 (33... Kxh7 34. Rxf7 Rg8 35. Rxe6 Qd5 36. Qg6+ Kh8 37. Qxh6+ $18) 34.
Rxe6 Qd5 (34... Rc1+ 35. Kh2 Qd5 36. Rg6 h5 37. Qf4 Qb7 38. Rg5 Rc5 39. Rxc5
bxc5 40. Be4 Qd7 41. Bg6 f6 $16) 35. Bg6 Rc7 36. Re1 Kg8 37. Be4 Qc5 38. Bd3
Re7 39. Rxe7 Qxe7 40. Qf5 Rd6 41. Rf4 Qe6 42. Qh5 Qd5 43. Rf5 Qe6 44. Qf3 Rc6
45. Be4 Rc7 46. Kg2 (46. Bd5 Qe8 47. Kg2 $18 {[%csl Rf7][%cal Gg3g6]}) 46...
Qe8 47. Bd5 {White position is absolutely winning. White's plan is simply:
during pressure on f7 weakness to promote g3-g5-g5-g6 with desicive attack.}
Re7 48. Bc4 Qd7 49. b3 Qe8 50. g4 d3 {This P sacrifice doesn't change nothing.}
(50... Qf8 51. g5 hxg5 52. hxg5 $18 {[%csl Rf7][%cal Gg5g6]}) 51. Bxd3 Re5 52.
Rf4 b5 53. a4 $1 {White wants to return B on the a2-g8 diagonal.} a6 54. Qb7 {
[%csl Ra6,Rb5]} Qe6 55. axb5 axb5 56. Bxb5 Qd5+ 57. Qxd5 Rxd5 58. Bc4 Rd7 59.
g5 {This plan with 2 PP over brings to White winning without problems.} hxg5
60. hxg5 Kf8 61. Rf5 Ra7 62. f4 Ke8 63. Kf3 Bc3 64. Kg4 Bb4 65. Re5+ Kf8 66.
Rb5 Bd6 67. Rb6 Rd7 68. f5 Bc7 69. Rb7 Ke7 70. f6+ Kd8 71. Kf5 Kc8 72. Rxc7+
Rxc7 73. Bxf7 1-0